| Record ID | ia:romanceshistoric00riva |
| Source | Internet Archive |
| Download MARC XML | https://archive.org/download/romanceshistoric00riva/romanceshistoric00riva_marc.xml |
| Download MARC binary | https://www.archive.org/download/romanceshistoric00riva/romanceshistoric00riva_meta.mrc |
LEADER: 01765cam a2200361M 4500
001 7102635
005 20231119100017.0
008 890208s1841 sp 000 0 spa d
010 $a 20023693
035 $a(OCoLC)67163427
035 $a(OCoLC)ocm67163427
035 $a7102635
040 $aEYM$beng$cEYM$dOCLCG$dUPM$dOCLCO$dOCLCQ$dZCU$dBRL
049 $aBRLL
050 14 $aPQ6560$b.A17 1841
099 $aD.150a.40
100 1 $aRivas, Angel de Saavedra,$cduque de,$d1791-1865.
245 10 $aRomances históricos /$cde D. Angel de Saavedra, duque de Rivas.
260 $aMadrid :$bImpr. de V. de Lalama,$c1841.
300 $axxxv, [1], 470, [1] pages ;$c19 cm
336 $atext$btxt$2rdacontent
337 $aunmediated$bn$2rdamedia
338 $avolume$bnc$2rdacarrier
510 4 $aWhitney, J.L. Catalogue of the Spanish Library and of the Portuguese books bequeathed by George Ticknor to the Boston Public Library (1879 edition),$cpage 304
583 0 $aCopy cataloged$c201904$kmc
583 0 $acondition reviewed$c20190418$kcl$2pda$5MB
590 $aBoston Public Library (Rare Books Department) copy D.150a.40 bound in tree-marbled sheepskin.
590 $aThis bibliographic record has been automatically generated and may not accurately reflect the item described. Please contact BPL Rare Books and Manuscripts Department for further information.
700 1 $aTicknor, George,$d1791-1871,$eformer owner.$5MB
730 0 $aTicknor Library of Spanish and Portuguese Literature.$5MB
962 $aTicknor Collection copy cataloging project, 2019.
852 $aBPL - Special Collections$bNonfiction - In Library Use Only$hD.150a.40$kRARE BKS$o9$p39999092987211$rIn$wBook$y1$7False$90
999 $bD.150a.40$c0$g1$h1$i1$j1$k0$xD.150a.40$z0$!2